| 000 | 00478nam a2200169 a 4500 | ||
|---|---|---|---|
| 003 | DO-SdBNP | ||
| 005 | 20220517114400.0 | ||
| 007 | ta | ||
| 008 | 210615b dr|| |||| 00| 0 eng dspa d | ||
| 040 |
_aDO-SdBNP _bspa _cBNPHU |
||
| 082 | 4 |
_222 _a972.9304 _bG326 |
|
| 245 | 0 | 0 | _aEl general Don Pedro Santana y la anexión de Santo Domingo a España. |
| 260 |
_a[s.l.] : _b [s.n.], _c[1861]. |
||
| 300 |
_a32 p. ; _c21 cm. |
||
| 590 | _aInventariado, 2021 /LP | ||
| 942 |
_2ddc _cLBS1 |
||
| 999 |
_c49917 _d49917 |
||